| 000 | 01193nam a2200313 u 4500 | ||
|---|---|---|---|
| 001 | 000020250 | ||
| 003 | DO-SdBNP | ||
| 005 | 20180313133655.0 | ||
| 007 | 000020250 | ||
| 008 | 100802s20uu dr 000 0 spa d | ||
| 020 | _a9789945123159 | ||
| 040 |
_aBPMSU _bspa _cBPMSU |
||
| 082 |
_a373.5 _bE24a 3ro. [20--] |
||
| 100 | _a | ||
| 245 | 0 |
_aEducación artística 3 : _beducación media _c |
|
| 250 | _a | ||
| 260 |
_aSanto Domingo : _bMinisterio Educación _c[20--?] |
||
| 300 |
_a167 p. : _bil. ; _c 28 cm. |
||
| 505 |
_t¡Viva el arte! -- _tEl arte en América -- _tLa apreciación artística -- _tLa teoría del color -- _tCon buena técnica aparece el color -- _tLa perspectiva artística -- _tArte para un nuevo siglo, la manifestaciones artísticas en el mundo de hoy -- _t |
||
| 650 | 4 |
_aARTE _xENSEÑANZA SECUNDARIA |
|
| 650 | 4 |
_aARTE _xEDUCACIÓN SECUNDARIA |
|
| 650 | 4 |
_aARTE _xESTUDIOS Y EJERCICIOS |
|
| 650 | 4 |
_aARTE _xLIBROS DE TEXTOS |
|
| 650 | 4 |
_aEDUCACIÓN SECUNDARIA _zREPÚBLICA DOMINICANA |
|
| 910 | _aValidado. Control de calidad MFF | ||
| 942 |
_2ddc _cBK |
||
| 945 | _aRemanejado para la BNPHU / 2018 BT | ||
| 956 |
_aVMATEO _b10 _c20160517 _lBPMSU _h0069 |
||
| 999 |
_c10147 _d10147 |
||